000 00811nam a2200229 i 4500
001 91033
003 ES-MaACL
005 20230906180624.0
007 t|
008 050126s1965 sp ||||1| spa d
100 1 _aLeon-Dufour, Xavier.
_971612
245 1 0 _aVocabulario de teología bíblica /
_cXavier Leon-Dufour ; [versión Alejandro Ros ; revisada por Joaquín Losada].
260 _aBarcelona :
_bHerder,
_c1965.
300 _a871 p. ;
_c22 cm.
490 1 _aBiblioteca Herder. Sección de Sagrada Escritura ;
_v66
650 4 _aTeología bíblica-
_vDiccionarios.
_9165797
700 1 _aRos, Alejandro.
_999564
700 0 _aLosada, Joaquín.
_974256
830 0 _aBiblioteca Herder. Sección de Sagrada Escritura ;
_v66
_9186862
852 _aES-MaACL
_jC-28116
_bR.57931
999 _c91033
_d91033